Knowledge management in fuzzy databases

Saved in:
Bibliographic Details
Other Authors: Pons, Olga (Editor), Vila, Maria Amparo (Editor), Kacprzyk, Janusz (Editor)
Format: Book
Language:English
Published: Heidelberg : Physica-Verlag, c2000
Series:Studies in fuzziness and soft computing ; ; 39
Subjects:
Tags: Add Tag
No Tags, Be the first to tag this record!

MARC

LEADER 00000nam a2200000 i 4500
001 1/16144
008 010122s2000 eng d
020 |a 3-7908-1255-2 
035 |l 10065671 
040 |a GR-MY-UA  |b gre  |e aacr 
041 0 |a eng 
082 0 |a 005.74 
245 1 0 |a Knowledge management in fuzzy databases /  |c Olga Pons, Maria Amparo Vila, Janusz Kacprzyk 
260 |a Heidelberg :   |b Physica-Verlag,   |c c2000 
300 |a xiii, 384 p.;  |b ill.;  |c 24 cm. 
490 1 |a Studies in fuzziness and soft computing  |v ; 39 
500 |a "With 70 figures and 26 tables". 
504 |a Includes bibliographical references 
650 0 0 |a Database management. 
650 0 0 |a Fuzzy systems. 
700 1 |a Pons, Olga.  |4 edt 
700 1 |a Vila, Maria Amparo.  |4 edt 
700 1 |a Kacprzyk, Janusz.  |4 edt 
830 0 |a Studies in fuzziness and soft computing ;  |v ; 39 
852 |a INST  |b SYROS  |e 20010122  |h 005.74 KNO  |p 005500001575  |q 005500001575  |t BK  |y 0 
901 |a BIBL5-2001-1 
909 |a Ε  |b 084482 
922 |a 5ΕΛΗ  |b 200012  |c ΓΡΑΦΙΚΩΝ ΤΕΧΝΩΝ  |d ΜΙΧΑΛΟΠΟΥΛΟΣ 
950 |a 183-2000-12-09 
970 |a ΚΟΝΤΟΥ  |b ΠΑΡΑΣΚΕΥΗ  |z 2001/01/24